00342nam a2200121Ia 4500008004100000041000800041082002000049100001900069245004400088260004800132300002900180365001100209240624s9999 xx 000 0 und d aeng a338.0640951 POP aPOPKIN JAMES M aIT AND THE EAST HOW CHINA AND INDIA ARE c2007aBostonbHarvard Business School Press ax, : 226 : p. : cm. ; 24 cRSb30